Szczegóły MARC21

Zur individuell-subjektiven Prägung der Bedeutung am Beispiel ausgewählter Ess- und Trinkwaren /

003 -Nazwa inst., której nr kontr. jest w polu 001 [,]
    • @
    • Nazwa instytucji, której n kontrolny jest w polu 001
    • NUKAT
005 -DATA I CZAS OSTATNIEJ MODYFIKACJI [,]
    • @
    • pole kontrolne
    • 20241231111108.0
020 -Międzynarod. znormalizowany nr książki - ISBN [ , ]
    • a
    • Numer ISBN
    • 9783631669594 Find
    • q
    • Dopowiedzenie
    • Print
020 -Międzynarod. znormalizowany nr książki - ISBN [ , ]
    • a
    • Numer ISBN
    • 9783653060706 Find
    • q
    • Dopowiedzenie
    • E-book
040 -Instytucja sporządzająca opis [ , ]
    • a
    • Instytucja, która sporządziła opis (NP)
    • SZCZ U/KP
    • b
    • Język katalogowania
    • pol
    • e
    • Zasady katalogowania
    • rda
    • c
    • Instytucja, która sporządziła rekord (NP)
    • SZCZ U/KPs
    • d
    • Instytucja, która zmodyfikowała rekord (P)
    • SZCZ U/ML
942 -Rodzaj dokumentu [ , ]
    • c
    • Rodzaj dokumentu
    • Książka
100 -Hasło główne - nazwa osobowa [1, ]
    • a
    • Nazwa osobowa (NP)
    • Mazurkiewicz-Sokołowska, Jolanta
    • d
    • Daty biograficzne (NP)
    • (1968- ).
    • e
    • Rodzaj współpracy
    • Autor
    • 9
    • KHW
    • 48323
245 -Strefa tytułu i oznaczenia odpowiedzialności [1,0]
    • a
    • Tytuł
    • Zur individuell-subjektiven Prägung der Bedeutung am Beispiel ausgewählter Ess- und Trinkwaren / Find
    • c
    • Pozostałe elementy strefy tytułu i oznaczenia odpowiedzialności (NP)
    • Jolanta Mazurkiewicz-Sokołowska.
260 -Strefa adresu wydawniczego [ , ]
    • a
    • Miejsce wydania (P)
    • Frankfurt am Main :
    • b
    • Nazwa wydawcy (P)
    • Peter Lang Edition,
    • c
    • Data wydania (P)
    • © 2015.
300 -Strefa opisu fizycznego [ , ]
    • a
    • Określenie formy książki i/lub objętość (NP)
    • 347 stron :
    • b
    • Oznaczenie ilustracji (NP)
    • ilustracje ;
    • c
    • Format (NP)
    • 21 cm.
336 -Typ zawartości [ , ]
    • a
    • Termin opisujący typ zawartości
    • Tekst
    • b
    • Kod określający zawartość
    • txt
    • 2
    • Źródło (terminu i kodu)
    • rdacontent
337 -Typ mediów [ , ]
    • a
    • Tryb odtwarzania
    • Bez urządzenia pośredniczącego
    • b
    • Kod typu mediów
    • n
    • 2
    • Źródło (terminu i kodu)
    • rdamedia
338 -Typ/rodzaj nośnika [ , ]
    • a
    • Hasło opisujące typ nośnika
    • Wolumin
    • b
    • Kod typu nośnika
    • nc
    • 2
    • Źródło (terminu i kodu)
    • rdacarrier
490 -Strefa serii i książki wielotomowej - forma nie do wyszukiwania [1, ]
    • a
    • Tytuł (P)
    • Danziger Beiträge zur Germanistik, Find
    • x
    • ISSN (NP)
    • 1617-8440 ;
    • v
    • Numeracja (P)
    • Band 51
830 -Hasło dodatkowe serii i opisu książki wielotomowej - tytuł ujednolicony/tytuł [ ,0]
    • a
    • Tytuł ujednolicony/tytuł (NP)
    • Danziger Beiträge zur Germanistik
    • x
    • ISSN
    • 1617-8440
    • v
    • Oznaczenie tomu (NP)
    • Band 51
    • 9
    • KHW
    • 50436
500 -Uwaga ogólna [ , ]
    • a
    • Uwaga ogólna (NP)
    • Gedruckt mit Unterstützung der Universität Stettin (Szczecin).
504 -Uwaga dot. bibliogr. załącznikowej [ , ]
    • a
    • Uwaga dot. bibliografii załącznikowej
    • Bibliografia na stronach 331-339. Indeks.
650 -Hasło przedmiotowe [ ,7]
    • a
    • Hasło przedmiotowe
    • Językoznawstwo kognitywne
    • v
    • Określnik formalny
    • rozprawy akademickie.
    • 2
    • Źródło terminu
    • kaba
    • 9
    • KHW
    • 461148
650 -Hasło przedmiotowe [ ,7]
    • a
    • Hasło przedmiotowe
    • Językowy obraz świata.
    • 2
    • Źródło terminu
    • kaba
    • 9
    • KHW
    • 451263
650 -Hasło przedmiotowe [ ,7]
    • a
    • Hasło przedmiotowe
    • Znaczenie (językoznawstwo)
    • v
    • Określnik formalny
    • rozprawy akademickie.
    • 2
    • Źródło terminu
    • kaba
    • 9
    • KHW
    • 461147
710 -Hasło dodatkowe - nazwa ciała zbiorowego [2, ]
    • a
    • Nazwa ciała zbiorowego lub nazwa geograficzna jako pierwszy element (NP)
    • Verlag Peter Lang.
    • e
    • Rodzaj współpracy
    • Wydawca
    • 4
    • Kod relacji
    • pbl
    • 9
    • KHW
    • 613284
920 -ISBN [ , ]
    • a
    • ISBN
    • 978-3-631-66959-4 Find
    • q
    • Dopowiedzenie
    • Print
920 -ISBN [ , ]
    • a
    • ISBN
    • 978-3-653-06070-6 Find
    • q
    • Dopowiedzenie
    • E-book
Numer inwentarzowy Lokalizacja Sygnatura Status udost. Data inwentaryzacji
G.19407BMGERM. Językoznawstwo 1212018-05-21
G.19918BM 12019-02-12